000 00679nam a2200169 4500
999 _c16568
_d16568
008 220224b ||||| |||| 00| 0 eng d
022 _a0091-4169
082 _aDPer 364.05 J82 2010 vol. 100 no. 3
100 _aDavies, Thomas Y.
_944125
245 _aThe supreme court giveth and the supreme court taketh away:
_bthe century of fourth amendment "search and seizure" doctrine/
_cThomas Y. Davies.
260 _aEvanston:
_bNorthwestern University Press,
_cc2010.
300 _av100 n3, pages 933-1042;
_billustrations:
_c25 cm.
500 _aThe Journal of Criminal and Criminology.
650 _aCriminal law.
_944126
650 _aCriminal procedure.
_944127
942 _2ddc
_cPER